000 00496nmm a2200169Ia 4500
008 251105s9999||||xx |||||||||||||||||und||
020 _a9789681661892
041 _aspa
100 _aLópez Cuadras, César
245 0 _aCástulo Bojórquez
264 _a[México D.C., Mexico] :
_bFondo de Cultura Económica,
_c2014
300 _a287 páginas
490 _aLetras Mexicanas
650 _aLatin American narrative
856 _uhttps://public.digitaliapublishing.com/a/43550
942 _cCF
999 _c96911
_d96911